| 000 | 00657nam a2200217 u 4500 | ||
|---|---|---|---|
| 005 | 20240228063935.0 | ||
| 008 | 080610s1999 es r 000 0 spa d | ||
| 020 | _a8439281129 | ||
| 035 | _aUPN01000156739 | ||
| 049 | _aI | ||
| 050 | 4 |
_aPZ76.3 _bO8.4 |
|
| 100 | 1 |
_aOsorio, Marta _933174 |
|
| 245 | 1 | 3 |
_aEl lagarto soñador / _cMarta Osorio ; il. Violeta Monreal. |
| 260 |
_aMadrid : _bGaviota, _cc1999. |
||
| 300 |
_a27, [45 ] p. : _bprincipalmente il. col. |
||
| 440 | 0 | _aJunior | |
| 650 | 0 |
_aAnimales _vCuentos y leyendas _9234 |
|
| 650 | 4 |
_aLibros y lectura para niños _92290 |
|
| 700 | 1 |
_aMonreal, Violeta, _d1963- _eil. _929361 |
|
| 905 | _aInfantil | ||
| 999 |
_c128853 _d128853 |
||